| 000 | 00473nam a2200181Ia 4500 | ||
|---|---|---|---|
| 003 | LK-CoDNM | ||
| 008 | 010623t2003 xxu||||| |||| 00| 1 eng d | ||
| 040 |
_aLK-CoDNM _dLK-CoDNM _eLK-CoDNM |
||
| 041 | _aeng | ||
| 080 | _ax 92 SWA | ||
| 100 | _aSwamy, .R.Narayan | ||
| 245 | _aInside an elusive mind Prabhakaran | ||
| 260 |
_bVijitha Yapa publications _aSri Lanka _c2003 |
||
| 300 | _b(xxii)280, 21.5 cm | ||
| 650 | _aBiography | ||
| 650 | _aPrabhakaran | ||
| 942 | _cBK | ||
| 999 |
_c122568 _d122568 |
||